00754nam a22002537a 45000010005000000030006000050050017000110080041000280200018000690400029000870500014001160820011001301000037001412450050001782500027002282600035002553000045002905050007003355200066003425210019004085210018004276500037004456500018004825358FISKH20241128083601.0241128b cb ||||| |||| 00| 0 eng d a9780590442794 aFISKHbengcFISKHdFISKH aPZ7.B7633 a813.54 aBridwell, Normand (1928–2014) aClifford's birthday party /cNorman Bridwell  aFirst printing in 1988 aNew York :bScholastic,c1988. a30 pages :bColor illustrations ;c21 cm aJ  aClifford, the big, lovable, red dog, celebrates his birthday.8 a450L bLexile 8 aJ bRaz-Plus  2BirthdayaPicture bookvClifford 2AnimalsaDogs